Murder Drones Episode Quiz - Statistics

General Stats
  • This quiz has been taken 203 times
  • The average score is 5 of 8
Answer Stats
Hint Answer % Correct
1 PILOT
93%
8 Absolute End
69%
4 Cabin Fever
66%
2 Heartbeat
66%
5 Home
62%
6 Dead End
53%
3 The Promening
51%
7 Mass Destruction
41%
No matching quizzes found
Score Distribution
Percent of People with Each Score
Percentile by Number Answered
Your Score History
You have not taken this quiz